|
|
|
|
| LEADER |
00756nab a2200193 i 4500 |
| 001 |
acta5099 |
| 005 |
20250724141320.0 |
| 008 |
161015s2007 hu o 000 hun d |
| 040 |
|
|
|a SZTE Egyetemi Kiadványok Repozitórium
|b hun
|
| 041 |
|
|
|a hun
|
| 100 |
1 |
|
|a Molnár Gábor
|
| 245 |
1 |
0 |
|a Magyarok Latin-Amerikában a dualizmus korában
|h [elektronikus dokumentum] :
|b 1867-1918 /
|c Molnár Gábor
|
| 260 |
|
|
|a Belvedere Meridionale
|b Szeged
|c 2007
|
| 300 |
|
|
|a 108-113
|
| 490 |
0 |
|
|a Belvedere Meridionale
|v 19 No. 1-2
|
| 650 |
|
4 |
|a Bölcsészettudományok
|
| 650 |
|
4 |
|a Történettudomány és régészet
|
| 695 |
|
|
|a Magyarok története - Latin-Amerika - 1867-1918
|
| 856 |
4 |
0 |
|u http://acta.bibl.u-szeged.hu/5099/1/belvedere_2007_001_002_108-113.pdf
|z Dokumentum-elérés
|